[Event "Nibelungen Seniors op 2nd"]
[Site "Worms"]
[Date "2005.10.03"]
[Round "6"]
[White "Denig, Christoph"]
[Black "Ramminger, Heinz"]
[Result "0-1"]
[WhiteElo "919"]
[BlackElo "1443"]
[PlyCount "98"]
[EventDate "2005.09.30"]
[EventType "swiss"]
[EventRounds "7"]
[EventCountry "GER"]
[SourceTitle "EXT 2007"]
[Source "ChessBase"]
[SourceDate "2006.11.23"]
[SourceVersion "1"]
[SourceVersionDate "2006.11.23"]
[SourceQuality "1"]

1. e4 e5 2. Nf3 Nc6 3. Bb5 Nf6 4. Bxc6 dxc6 5. Nc3 Bg4 6. h3 Bh5 7. g4 Bg6 8. Nxe5 Qd4 9. Nxg6 Bc5 10. Qe2 fxg6 11. d3 Bb4 12. Bd2 0-0 13. a3 Bd6 14. 0-0-0 Nd7 15. f3 Qf6 16. f4 Bxf4 17. Bxf4 Qxf4+ 18. Rd2 Rf7 19. Kb1 Raf8 20. Rdd1 Qf3 21. Qxf3 Rxf3 22. d4 Nb6 23. Na2 Nc4 24. Nb4 Rf2 25. e5 Ne3 26. c3 Nxd1 27. Rxd1 Rh2 28. d5 cxd5 29. Nxd5 c6 30. Nc7 Re2 31. e6 h5 32. g5 Rc8 33. Rd7 Kh7 34. e7 Rg8 35. Rd8 Rxe7 36. Rxg8 Kxg8 37. Na8 Kf8 38. b4 Ke8 39. a4 Kd8 40. a5 Kc8 41. c4 Kb8 42. Nb6 axb6 43. Ka2 bxa5 44. bxa5 Re3 45. c5 Ka7 46. h4 Ka6 47. Kb2 Kxa5 48. Kc2 Kb5 49. Kd2 Rh3 0-1